000 00455nam a22001812 4500
001 0000005477
005 20151217160104.0
008 070614s xx 000 0 eng d
040 _aKABU
_cKABU
050 0 _aPE1119
_b.W3K53
100 1 _aWacira, D. K.
_@0000156767
245 1 0 _aKidnapped.
260 _aNairobi :
_bOUP,
_c2000.
300 _a37 p.
908 _a070614
950 _@1
999 _c14047
_d14047